我唯一的爱 (Record no. 41917)

000 -LEADER
fixed length control field 00497nam a22001937a 4500
003 - CONTROL NUMBER IDENTIFIER
control field MPLRDC
005 - DATE AND TIME OF LATEST TRANSACTION
control field 20220104143636.0
008 - FIXED-LENGTH DATA ELEMENTS--GENERAL INFORMATION
fixed length control field 210129b ||||| |||| 00| 0 eng d
020 ## - INTERNATIONAL STANDARD BOOK NUMBER
International Standard Book Number 957-593-833-X
082 ## - DEWEY DECIMAL CLASSIFICATION NUMBER
Classification number 889 LMJD v.283
100 ## - MAIN ENTRY--PERSONAL NAME
Personal name JACQUELINE MARTEN
245 ## - TITLE STATEMENT
Title 我唯一的爱
Statement of responsibility, etc. 刘云心 译
250 ## - EDITION STATEMENT
Edition statement 第二版
260 ## - PUBLICATION, DISTRIBUTION, ETC.
Place of publication, distribution, etc.
Name of publisher, distributor, etc. 林白出版社
Date of publication, distribution, etc. 1995
300 ## - PHYSICAL DESCRIPTION
Other physical details
490 ## - SERIES STATEMENT
Series statement 浪漫经典. 283
650 ## - SUBJECT ADDED ENTRY--TOPICAL TERM
Topical term or geographic name entry element 西洋小说之中文翻译
942 ## - ADDED ENTRY ELEMENTS (KOHA)
Koha item type Book
-- 889 LMJD v.283
Holdings
Withdrawn status Lost status Source of classification or shelving scheme Damaged status Not for loan Collection code Home library Current library Shelving location Date acquired Cost, normal purchase price Total Checkouts Full call number Barcode Date last seen Date last checked out Price effective from Koha item type Public note
            Malaysian Public Library, Research and Development Centre Malaysian Public Library, Research and Development Centre   10/12/2007 3.80   889 LMJD v.283 00042061 18/03/2021 30/01/2019 18/03/2021 Book mplrdc

© 2022. Malaysian Public Library, Research and Development Centre. All Right ReservedE-mailmplrdc@help.edu.my 

Powered by Koha